MARC details
| 000 -CABECERA |
| campo de control de longitud fija |
03315nam a2200277 i 4500 |
| 001 - NÚMERO DE CONTROL |
| campo de control |
000000757 |
| 003 - IDENTIFICADOR DEL NÚMERO DE CONTROL |
| campo de control |
DO-SdBNP |
| 005 - FECHA Y HORA DE LA ÚLTIMA TRANSACCIÓN |
| campo de control |
20240510111258.0 |
| 007 - CAMPO FIJO DE DESCRIPCIÓN FÍSICA--INFORMACIÓN GENERAL |
| campo de control de longitud fija |
ta |
| 008 - DATOS DE LONGITUD FIJA--INFORMACIÓN GENERAL |
| campo de control de longitud fija |
090509s1999 dr 000 0 spa d |
| 040 ## - FUENTE DE LA CATALOGACIÓN |
| Centro catalogador/agencia de origen |
DO-SdBNP |
| Lengua de catalogación |
spa |
| Centro/agencia transcriptor |
BNPHU |
| Normas de descripción |
rda |
| 082 #4 - NÚMERO DE LA CLASIFICACIÓN DECIMAL DEWEY |
| Número de clasificación |
327.7293 |
| Número de documento/Ítem |
T198r |
| Número de edición |
22 |
| 100 1# - ENTRADA PRINCIPAL--NOMBRE DE PERSONA |
| Nombre de persona |
Taveras Guzmán, Juan Arístides, |
| Fechas asociadas al nombre |
1936- |
| 9 (RLIN) |
2592 |
| Término indicativo de función/relación |
autor |
| 245 10 - MENCIÓN DE TÍTULO |
| Título |
Rasgos de la política exterior dominicana / |
| Mención de responsabilidad, etc. |
Juan Arístides Taveras Guzmán. |
| 264 ## - PRODUCCIÓN, PUBLICACIÓN, DISTRIBUCIÓN, FABRICACIÓN Y COPYRIGHT |
| Producción, publicación, distribución, fabricación y copyright |
Santo Domingo : |
| Nombre del de productor, editor, distribuidor, fabricante |
Centenario, |
| Fecha de producción, publicación, distribución, fabricación o copyright |
1999. |
| 300 ## - DESCRIPCIÓN FÍSICA |
| Extensión |
191páginas ; |
| Dimensiones |
23 cm. |
| 336 ## - TIPO DE CONTENIDO |
| Fuente |
rdacontent |
| Término de tipo de contenido |
texto |
| Código de tipo de contenido |
txt |
| 337 ## - TIPO DE MEDIO |
| Fuente |
rdamedia |
| Nombre/término del tipo de medio |
sin mediación |
| Código del tipo de medio |
n |
| 338 ## - TIPO DE SOPORTE |
| Fuente |
rdacarrier |
| Nombre/término del tipo de soporte |
volumen |
| Código del tipo de soporte |
nc |
| 500 ## - NOTA GENERAL |
| Nota general |
Incluye datos biográficos del autor en la contracubierta. |
| 505 2# - NOTA DE CONTENIDO CON FORMATO |
| Nota de contenido con formato |
Palabras introductorias -- |
| Información miscelánea |
Capítulo 1. |
| Título |
Fundamentos argumentales -- |
| Información miscelánea |
Capítulo 2. |
| Título |
La genialidad diplomática dominicana: Los "Protectorados" -- |
| Información miscelánea |
Capítulo 3. |
| Título |
La anexión a España, su larva inicial: La "Matrícula de Segovia" -- |
| Información miscelánea |
Capítulo 4. |
| Título |
Del "Protectorado" a la mediación. Inicio de entendimiento Dominico-Haitiano. La revolución liberal del 1857 -- |
| Información miscelánea |
Capítulo 5. |
| Título |
La anexión a España. Una visión geopolítica de sus causas reales -- |
| -- |
Capítulo 6. |
| -- |
La política exterior dominicana en la II República -- |
| Información miscelánea |
Capítulo 7. |
| Título |
El más valioso aporte de la República Dominicana a la vida continental: El principio "De la no intervención" -- |
| -- |
De la "Era de Trujillo" a la democracia política -- |
| -- |
Discurso del canciller de la República Dominicana, Dr. Juan Arístides Taveras Guzmán en el̃ año 1992 -- |
| -- |
Palabras pronunciadas por el Dr. Juan Arístides Taveras Guzmán -- |
| -- |
Declaración de su excelencia, Dr. Juan Arístides Taveras Guzmán -- |
| -- |
Discurso del canciller de la República Dominicana en el año 1992 -- |
| -- |
Discurso pronunciado por el canciller de la República Dominicana, Dr. Juan Arístides Taveras Guzmán en Washington en diciembre del año 1992 -- |
| -- |
Discurso pronunciado por el Dr. Juan Arístides Taveras Guzmán, el 1-10-93 en las Naciones Unidas -- |
| -- |
Discurso del canciller dominicano el 12-10-93 -- |
| -- |
Discurso en Nicaragua pronunciado por el canciller Dr. Juan A. Taveras Guzmán -- |
| -- |
Discurso pronunciado en méjico el 18-2-94, por el canciller dominicano Dr. Juan Arístides Taveras Guzmán -- |
| -- |
Discurso inauguración-bienal de pintura del caribe -- Discurso de apertura cónclave la CEPAL en R. D. |
| 505 2# - NOTA DE CONTENIDO CON FORMATO |
| Título |
Discurso en acuerdo con el gobierno del Japón -- |
| -- |
Discurso apertura cónclave sociedad industrial para el desarrollo -- |
| -- |
Discurso como canciller de la Rep. Dom. En conmemoración del V Centenario -- |
| -- |
Discurso como canciller en R: D. -- Discurso como canciller en R. D. Con motivo inauguración Plaza del Ecuador -- |
| -- |
Discurso como canciller a nombre del jefe de estado condecorando al Sr. Pte. del Salvador -- |
| -- |
Discurso condecoración presidente de Argentina -- |
| -- |
Discurso pronunciado por el secretario de estado de relaciones exteriores Doctor Juan Arístides Taveras Guzmán -- |
| -- |
El día 16 de enero de 1992 -- |
| -- |
Discurso del canciller en R. D. Anunciando la actualización de la escuela diplomática -- |
| -- |
Discurso apertura IV conferencia consejo del Caribe. |
| 651 #4 - PUNTO DE ACCESO ADICIONAL DE MATERIA--NOMBRE GEOGRÁFICO |
| Nombre geográfico |
República Dominicana |
| Subdivisión general |
Relaciones exteriores |
| 9 (RLIN) |
2258 |
| 651 #4 - PUNTO DE ACCESO ADICIONAL DE MATERIA--NOMBRE GEOGRÁFICO |
| Nombre geográfico |
República Dominicana |
| Subdivisión general |
Historia |
| -- |
Anexión a España |
| Subdivisión cronológica |
1861-1865 |
| 9 (RLIN) |
2593 |
| 942 ## - ELEMENTOS DE PUNTO DE ACCESO ADICIONAL (KOHA) |
| Fuente del sistema de clasificación o colocación |
Dewey Decimal Classification |
| Tipo de ítem Koha |
Libro |